[Event "Leitersdorf Region-ch"]
[Site "Leitersdorf"]
[Date "2017.01.06"]
[Round "3.17"]
[White "Sauer, Manfred"]
[Black "Kirchmayer, Peter"]
[Result "1-0"]
[WhiteElo "1704"]
[BlackElo "1261"]
[PlyCount "159"]
[EventDate "2017.01.04"]
[EventType "swiss"]
[EventRounds "5"]
[EventCountry "AUT"]
[SourceTitle "EXT 2024"]
[Source "ChessBase"]
[SourceDate "2023.10.10"]
[SourceVersion "1"]
[SourceVersionDate "2023.10.10"]
[SourceQuality "1"]

1. d4 Nf6 2. b4 d5 3. Bb2 Bf5 4. a3 e6 5. Nf3 Nbd7 6. e3 Nb6 7. c3 Be7 8. Nbd2 0-0 9. Be2 Ne8 10. c4 dxc4 11. Nxc4 Nxc4 12. Bxc4 Nd6 13. Be2 h6 14. Rc1 a5 15. b5 b6 16. 0-0 Rc8 17. Ne5 Be4 18. Nc6 Bxc6 19. Rxc6 Ne4 20. Qc2 Nf6 21. Rc1 Bd6 22. Bf3 Re8 23. Rc4 e5 24. dxe5 Bxe5 25. Bxe5 Rxe5 26. Bc6 Qd6 27. a4 Rd8 28. Rd4 Qf8 29. Rxd8 Qxd8 30. Rd1 Qe7 31. Rd4 Rxe3 32. g3 Re1+ 33. Kg2 g5 34. Qd3 Re2 35. h3 Qe6 36. Bf3 Re1 37. Rc4 Qe5 38. Qd8+ Kg7 39. Qxc7 Qa1 40. Kh2 h5 41. g4 hxg4 42. hxg4 Qe5+ 43. Qxe5 Rxe5 44. Kg3 Kf8 45. Rc7 Re7 46. Rc4 Re6 47. Rd4 Ke7 48. Bc6 Rd6 49. Rc4 Rd3+ 50. f3 Re3 51. Kf2 Ra3 52. Rd4 Rc3 53. Ke2 Ne8 54. Bxe8 Kxe8 55. Rd6 Rc4 56. Rxb6 Rxa4 57. Ra6 Kd8 58. b6 Rb4 59. Rxa5 Rxb6 60. Rxg5 Ke7 61. Rf5 Rb4 62. Kf2 Ke6 63. Kg3 Rb8 64. Kh4 Rg8 65. f4 f6 66. Rb5 Rh8+ 67. Kg3 Rg8 68. Rb6+ Kf7 69. f5 Rg5 70. Rb7+ Kf8 71. Rh7 Kg8 72. Rh4 Kg7 73. Kf4 Kf7 74. Rh7+ Kg8 75. Rh4 Kg7 76. Ke4 Kf7 77. Kd5 Ke7 78. Rh7+ Kf8 79. Ke6 Rxg4 80. Kxf6 1-0

[Event "Leitersdorf Region-ch"]
[Site "Leitersdorf"]
[Date "2017.01.04"]
[Round "1.20"]
[White "Sackl, Ernst"]
[Black "Kirchmayer, Peter"]
[Result "1-0"]
[WhiteElo "1726"]
[BlackElo "1261"]
[PlyCount "33"]
[EventDate "2017.01.04"]
[EventType "swiss"]
[EventRounds "5"]
[EventCountry "AUT"]
[SourceTitle "EXT 2024"]
[Source "ChessBase"]
[SourceDate "2023.10.10"]
[SourceVersion "1"]
[SourceVersionDate "2023.10.10"]
[SourceQuality "1"]

1. e4 e5 2. Bc4 Bc5 3. Nf3 d6 4. d3 h6 5. c3 Bg4 6. Be3 Bxe3 7. fxe3 Bxf3 8. Qxf3 Qf6 9. Qh3 Qg5 10. Qc8+ Qd8 11. Bxf7+ Ke7 12. Qe6+ Kf8 13. Bxg8 Qf6 14. Rf1 Qxf1+ 15. Kxf1 Rxg8 16. Qc8+ Ke7 17. Qxg8 1-0